000 00463nam a2200181Ia 4500
008 240925s9999 xx 000 0 und d
020 _a201419998
082 _a005 NEI
100 _aNeil, Bradley
245 4 _aThe concise SGML companion
250 _aNA
260 _aNew York:
_bFree Press
_c,1997.
300 _a324p.
_bNA
_fOriginal
500 _aNA
600 _aComputer Science
650 _aComputer science, information & general works
942 _cBK
999 _c6012
_d6012